Statistics for Largest Crowds for a Soccer Player Unveiling

Click here to take the quiz!

General Stats

  • This quiz has been taken 642 times
  • The average score is 4 of 10

Answer Stats

#ClubPlayer% Correct
75,000Real MadridCristiano Ronaldo
100%
65,000NapoliDiego Maradona
75%
57,000BarcelonaNeymar
73%
45,000Boca JuniorsCarlos Tevez
38%
50,000Real MadridEden Hazard
31%
55,000Real MadridKaká
29%
60,000BarcelonaZlatan Ibrahimović
24%
50,000Atlético MadridFernando Torres
21%
35,000BarcelonaDavid Villa
13%
36,000Real MadridJames Rodríguez
13%

Score Distribution

Percentile by Number Answered

Percent of People with Each Score

Your Score History

You have not taken this quiz